| 000 | 00387cam a2200145ua 4500 | ||
|---|---|---|---|
| 003 | OSt | ||
| 008 | 250619b |||||||| |||| 00| 0 eng d | ||
| 041 | _aeng | ||
| 082 |
_a624.1834 _bNIL/DE |
||
| 100 |
_aNilson, Arthur H . _97590 |
||
| 245 | _aDesign of concrete structures / | ||
| 260 |
_aNew Delhi : _bTata Mc-Graw Hill Publishing Company , _c2003. |
||
| 300 | _a780 ; . | ||
| 942 | _cBK | ||
| 999 |
_c11290 _d11290 |
||